000 00671nam a2200229Ia 4500
003 OSt
005 20220926033838.0
006 a|||||r|||| 00| 0
007 ta
008 220923b |||||||| |||| 00| 0 eng d
037 _cGeneral Book
040 _aRTL
_cRTL
_beng
041 _2eng
_aeng
082 _aXM.252.N74<---N73, L4
110 _aUTTAR PRADESH, SEHKARITA VIBHAG
_9339571
245 0 _aAnnual Report (1973-74)
260 _aUttar Pradesh
_bSehkari Samiti Nibhandak
_c1976
300 _a97p
_ccm.
700 _aUTTAR PRADESH, SEHKARITA VIBHAG
_9339572
942 _hXM.252.N74<---N73, L4
_cGB
_2CC
999 _c658024
_d658024